Japan in the global community : Its role and contribution on the eve of the 21st century

保存先:
書誌詳細
フォーマット: 図書
言語:Undetermined
出版事項: Tokyo University of Tokyo Press 1986.
主題:
タグ: タグ追加
タグなし, このレコードへの初めてのタグを付けませんか!
Thư viện lưu trữ: Trung tâm Học liệu Trường Đại học Cần Thơ
LEADER 00664nam a2200193Ia 4500
001 CTU_110085
008 210402s9999 xx 000 0 und d
082 |a 337.52 
082 |b J36 
245 0 |a Japan in the global community : 
245 0 |b Its role and contribution on the eve of the 21st century 
245 0 |c Edited by Yasusuke Murakami, Yutaka Kosai 
260 |a Tokyo 
260 |b University of Tokyo Press 
260 |c 1986. 
650 |a Economic assistance, Japanese,Japan,Japan 
650 |x Congresses,Congresses,Foreign economic relations,Foreign countries 
904 |i Trọng Hải 
980 |a Trung tâm Học liệu Trường Đại học Cần Thơ